Microelectronic circuits (Record no. 1329)

000 -LEADER
fixed length control field 00597nam a22002177a 4500
001 - CONTROL NUMBER
control field 1329
003 - CONTROL NUMBER IDENTIFIER
control field BD-DhUET
008 - FIXED-LENGTH DATA ELEMENTS--GENERAL INFORMATION
fixed length control field 140903b xxu||||| |||| 00| 0 eng d
020 ## - INTERNATIONAL STANDARD BOOK NUMBER
International Standard Book Number 0195680847
040 ## - CATALOGING SOURCE
Transcribing agency 0
Modifying agency BD-DhUET
082 ## - DEWEY DECIMAL CLASSIFICATION NUMBER
Classification number 623.8153
Item number SED/1982
100 ## - MAIN ENTRY--PERSONAL NAME
Personal name Sedra, Adel.S
245 ## - TITLE STATEMENT
Title Microelectronic circuits
Statement of responsibility, etc. by Adel S. Sedra and Kenneth C. Smith
250 ## - EDITION STATEMENT
Edition statement 5th ed.
260 ## - PUBLICATION, DISTRIBUTION, ETC. (IMPRINT)
Place of publication, distribution, etc. New York
Name of publisher, distributor, etc. Oxford University Press
Date of publication, distribution, etc. 1982
300 ## - PHYSICAL DESCRIPTION
Extent xxi, 1283 p.
Other physical details ill.
Dimensions 22 cm.
504 ## - BIBLIOGRAPHY, ETC. NOTE
Bibliography, etc Includes bibliographies
650 #0 - SUBJECT ADDED ENTRY--TOPICAL TERM
Topical term or geographic name as entry element Electronic-Circuits
700 ## - ADDED ENTRY--PERSONAL NAME
Personal name Smith, Kenneth C.
942 ## - ADDED ENTRY ELEMENTS (KOHA)
Koha item type General Book
Holdings
Source of classification or shelving scheme Damaged status Piece designation (barcode) Not for loan Koha renewals Location (home branch) Lost status Koha normalized classification for sorting Price effective from Koha date last seen Koha out on loan Koha item type Koha issues (times borrowed) Sublocation or collection (holding branch) Withdrawn status Copy number Date acquired Koha full call number Shelving location Koha date last borrowed
  103871 1Central Library, BUET 623_000000000000000_8153SED2002014-09-032022-05-22 Guide Book9Central Library, BUET 12014-09-03623.8153/SED/2004Circulation section2021-12-21
  103866 1Central Library, BUET 623_815300000000000_SED_20042014-09-032026-01-202026-02-03General Book7Central Library, BUET 22007-05-28623.8153/SED/2004Circulation section2026-01-20
  103867  Central Library, BUET 623_000000000000000_8153SED2002014-09-032022-11-222022-12-06Guide Book13Central Library, BUET 32014-09-03623.8153/SED/2004Circulation section2022-11-22
  103868  Central Library, BUET 623_000000000000000_8153SED2002014-09-032016-02-272017-02-26Guide Book2Central Library, BUET 42014-09-03623.8153/SED/2004Circulation section2016-02-27
  103870  Central Library, BUET 623_000000000000000_8153SED2002014-09-032024-06-02 Guide Book12Central Library, BUET 52014-09-03623.8153/SED/2004Circulation section2024-03-06
  103873 2Central Library, BUET 623_000000000000000_8153SED2002014-09-032025-09-08 Guide Book13Central Library, BUET 62014-09-03623.8153/SED/2004Circulation section2025-08-24
  103872 1Central Library, BUET 623_000000000000000_8153SED2002014-09-032023-06-052023-06-19Guide Book16Central Library, BUET 82014-09-03623.8153/SED/2004Circulation section2023-06-05
  103874  Central Library, BUET 623_000000000000000_8153SED2002014-09-032025-10-18 Guide Book18Central Library, BUET 92014-09-03623.8153/SED/2004Circulation section2025-09-24
  101693  Central Library, BUET 623_000000000000000_8153SED2002014-10-272020-02-102021-02-09Guide Book5Central Library, BUET 102014-10-27623.8153/SED/2004Circulation section2020-02-10
  107789  Central Library, BUET 623_815300000000000_SED_19822014-11-292026-03-08 General Book1Central Library, BUET 112014-11-29623.8153/SED/1982Circulation section2014-12-08
  101692  Central Library, BUET 623_815300000000000_SED_19822016-03-272025-04-292025-05-13General Book10Central Library, BUET 122016-03-27623.8153/SED/1982Circulation section2025-04-29